| 000 | 01214cam a22003257a 4500 | ||
|---|---|---|---|
| 001 | 12870296 | ||
| 003 | NUST-PNEC | ||
| 005 | 20170116180704.0 | ||
| 008 | 020725s2002 si ab b 001 0 eng d | ||
| 010 | _a 2002510354 | ||
| 020 | _a9810249292 | ||
| 035 | _a(OCoLC)ocm49888469 | ||
| 040 |
_aTEF _cPNEC |
||
| 042 | _alccopycat | ||
| 050 | 0 | 0 |
_aTC160 _b.R45 2002 |
| 082 | _a628.1 PRA | ||
| 100 |
_9306 _aPrasad, Rama |
||
| 245 | 0 | 0 |
_aResearch perspectives in hydraulics and water resources engineering / _cedited by Rama Prasad & S. Vedula. |
| 260 |
_aSingapore ; _aRiver Edge, N.J. : _bWorld Scientific, _cc2002. |
||
| 300 |
_aix, 356 p. : _bill. (some col.), map ; _c23 cm. |
||
| 500 | _aIncludes Index http://www.amazon.com/Research-Perspectives-Hydraulics-Resources-Engineering/dp/9810249292/ref=sr_1_1?s=books&ie=UTF8&qid=1410956938&sr=1-1&keywords=9810249292 | ||
| 504 | _aIncludes bibliographical references and index. | ||
| 650 | 0 | _aHydraulics. | |
| 650 | 0 |
_aWater-supply. _xME |
|
| 700 | 0 | _aRama Prasad. | |
| 700 | 1 | _aVedula, S. | |
| 906 |
_a7 _bcbc _ccopycat _d2 _encip _f20 _gy-gencatlg |
||
| 942 |
_2ddc _cBK |
||
| 999 |
_c60675 _d60675 |
||